ბათუმის შოთა რუსთაველის სახელმწიფო უნივერსიტეტის ბიბლიოთეკა

ქართულ –ინგლისური ლექსიკონი. 1 (ბიბ.ჩანაწერი № 35821)

000 -LEADER
fixed length control field 00578nam a2200181Ia 4500
001 - CONTROL NUMBER
control field 1710
003 - CONTROL NUMBER IDENTIFIER
control field GE_BSU
008 - FIXED-LENGTH DATA ELEMENTS--GENERAL INFORMATION
fixed length control field 181216s||||||||xx |||||||||||||| ||und||
040 ## - CATALOGING SOURCE
Transcribing agency GE_BSU
080 ## - UNIVERSAL DECIMAL CLASSIFICATION NUMBER
Universal Decimal Classification number 811.353.1(083)+811.(083)
245 ## - TITLE STATEMENT
Title ქართულ –ინგლისური ლექსიკონი. 1
245 ## - TITLE STATEMENT
Statement of responsibility, etc. რედ.ნანა დემურია
260 ## - PUBLICATION, DISTRIBUTION, ETC.
Place of publication, distribution, etc. თბილისი
300 ## - PHYSICAL DESCRIPTION
Extent 230 გვ. 19სმ.
653 ## - INDEX TERM--UNCONTROLLED
Uncontrolled term ლექსიკონი ქართულ– ინგლისური
942 ## - ADDED ENTRY ELEMENTS (KOHA)
Koha item type წიგნი
ეგზემპლარები
Withdrawn status Lost status Damaged status Not for loan Date acquired Barcode Date last seen Price effective from Koha item type Public note
        2018-12-17 3615 2018-12-17 2018-12-17 წიგნი დარბაზი